| 000 | 00439nam a2200169Ia 4500 | ||
|---|---|---|---|
| 008 | 180921t1977 xxu||||| |||| 00| 0 sin d | ||
| 041 | _asin | ||
| 080 |
_a651.51 _bRAJ |
||
| 245 | _aරාජ්ය ලේඛන පරිශිලනය | ||
| 246 | _aPublic access to public records | ||
| 260 |
_b _c1977 |
||
| 300 | _a50p., 22 cm | ||
| 650 | _aArchives | ||
| 942 | _cBK | ||
| 999 |
_c18085 _d18085 |
||
| 003 | LK-CoDNM | ||
| 040 |
_aLK-CoDNM _dLK-CoDNM _eLK-CoDNM |
||